| 000 | 01556nam0a2200349 4500 | ||
|---|---|---|---|
| 001 | RU\NLR\bibl\1069995 | ||
| 005 | 20250615043141.0 | ||
| 010 |
_a978-5-8459-1131-5 _93000 |
||
| 021 |
_aRU _b2007-12967 _9692 |
||
| 035 | _a(NLR Aleph) 001057228 | ||
| 090 |
_a915890 _c915890 |
||
| 100 | _a20070406d2007 |||y0rusy50 ca | ||
| 101 | 1 |
_arus _ceng _deng |
|
| 102 | _aRU | ||
| 105 | _aa ||||||||| | ||
| 200 | 1 |
_aРеальный мир Adobe InDesign CS2 _e[верстка книг, газет, журналов] _fОлав Мартин Кверн, Дэвид Блатнер _g[пер. с англ. и ред. И.Б. Тараброва] |
|
| 210 |
_aМосква [и др.] _cВильямс _d2007 |
||
| 215 |
_a841 с. _cил. _d24 |
||
| 300 | _aЗагл. и авт. ориг.: Real world Adobe InDesign CS2 / Olav Martin Kvern, David Blatner | ||
| 320 | _aПредм. указ.: с. 830-841 | ||
| 454 | 0 |
_12001#$aReal world Adobe InDesign CS2$fOlav Martin Kvern, David Blatner _1700#1$aKvern$bO. M.$gOlav Martin$4070 _1701#1$aBlatner$bD.$gDavid$4070 _tReal world Adobe InDesign CS2 _aKvern, Olav Martin |
|
| 606 | 1 |
_aADOBE INDESIGN CS2, издательская система _92413188 _3RU\NLR\auth\661437655 |
|
| 686 | _aМ801.16-5-05 | ||
| 700 | 1 |
_aКверн _bО. М. _gОлав Мартин _4070 |
|
| 701 | 1 |
_aБлатнер _bД. _gДэвид _4070 |
|
| 801 | 0 |
_aRU _bNLR _c20070406 _gRCR |
|
| 801 | 1 |
_aRU _bNLR _c20070406 |
|
| 830 | _aАвт. раскрыты по кн. | ||
| 942 | _cBOOK | ||
| 980 | _aNB | ||